Troy (Record no. 18067)
[ view plain ]
| 000 -LEADER | |
|---|---|
| fixed length control field | 01703cgm a22004097a 4500 |
| 007 - PHYSICAL DESCRIPTION FIXED FIELD--GENERAL INFORMATION | |
| fixed length control field | vd cgaizm |
| 008 - FIXED-LENGTH DATA ELEMENTS--GENERAL INFORMATION | |
| fixed length control field | 140216t2004 xxk156 e |||| 0| vleng d |
| 020 ## - INTERNATIONAL STANDARD BOOK NUMBER | |
| International Standard Book Number | 7321900284097 |
| 041 1# - LANGUAGE CODE | |
| Language code of text/sound track or separate title | eng |
| -- | ger |
| 082 04 - DEWEY DECIMAL CLASSIFICATION NUMBER | |
| Edition number | 22 |
| Classification number | 791.4372 |
| Item number | TRO |
| 245 00 - TITLE STATEMENT | |
| Title | Troy |
| Medium | [videorecording] / |
| Statement of responsibility, etc | Warner Bros Pictures, a Radiant Production, Plan B. ; produced by Wolfgang Petersen, Diana Rathbun, Colin Wilson ; screenplay by David Benioff ; directed by Wolfgang Petersen. |
| 250 ## - EDITION STATEMENT | |
| Edition statement | 2.40 : 1 Widescreen. |
| 260 ## - PUBLICATION, DISTRIBUTION, ETC. (IMPRINT) | |
| Place of publication, distribution, etc | [Cheltenham, United Kingdom] : |
| Name of publisher, distributor, etc | Helena Productions Limited, |
| Date of publication, distribution, etc | c.2004. |
| 300 ## - PHYSICAL DESCRIPTION | |
| Extent | 1 videodisc (156 min.) : |
| Other physical details | sd., col. ; |
| Dimensions | 4 3/4 in. |
| 508 ## - CREATION/PRODUCTION CREDITS NOTE | |
| Creation/production credits note | Director of photography Roger Pratt ; editor Peter Honess ; music Nathaniel Mechaly. |
| 511 ## - PARTICIPANT OR PERFORMER NOTE | |
| Participant or performer note | Brad Pitt, Eric Bana, Orlando Bloom. |
| 521 ## - TARGET AUDIENCE NOTE | |
| Target audience note | Suitable only for persons of 15 years and over. |
| 546 ## - LANGUAGE NOTE | |
| Language note | In English and German Language. |
| 650 #0 - SUBJECT ADDED ENTRY--TOPICAL TERM | |
| 9 (RLIN) | 35211 |
| Topical term or geographic name as entry element | Paris (Legendary character) |
| Form subdivision | Drama |
| 650 #0 - SUBJECT ADDED ENTRY--TOPICAL TERM | |
| 9 (RLIN) | 35212 |
| Topical term or geographic name as entry element | Helen of Troy (Greek mythology) |
| Form subdivision | Drama |
| 650 #0 - SUBJECT ADDED ENTRY--TOPICAL TERM | |
| 9 (RLIN) | 35213 |
| Topical term or geographic name as entry element | Achilles (Greek mythology) |
| Form subdivision | Drama |
| 653 ## - INDEX TERM--UNCONTROLLED | |
| -- | GGEN |
| -- | February2014 |
| 700 1# - ADDED ENTRY--PERSONAL NAME | |
| 9 (RLIN) | 35214 |
| Personal name | Pitt, Brad, |
| Dates associated with a name | 1963- |
| 700 1# - ADDED ENTRY--PERSONAL NAME | |
| 9 (RLIN) | 35215 |
| Personal name | Bana, Eric |
| 700 1# - ADDED ENTRY--PERSONAL NAME | |
| 9 (RLIN) | 35216 |
| Personal name | Bloom, Orlando, |
| Dates associated with a name | 1977- |
| 700 1# - ADDED ENTRY--PERSONAL NAME | |
| 9 (RLIN) | 35217 |
| Personal name | Pratt, Roger |
| 700 1# - ADDED ENTRY--PERSONAL NAME | |
| 9 (RLIN) | 35218 |
| Personal name | Honess, Peter |
| 700 1# - ADDED ENTRY--PERSONAL NAME | |
| 9 (RLIN) | 35219 |
| Personal name | Mechaly, Nathaniel, |
| Dates associated with a name | 1972- |
| 700 1# - ADDED ENTRY--PERSONAL NAME | |
| 9 (RLIN) | 35220 |
| Personal name | Petersen, Wolfgang, |
| Dates associated with a name | 1941- |
| 700 1# - ADDED ENTRY--PERSONAL NAME | |
| 9 (RLIN) | 22891 |
| Personal name | Benioff, David. |
| 700 1# - ADDED ENTRY--PERSONAL NAME | |
| 9 (RLIN) | 35221 |
| Personal name | Wilson, Colin, |
| Dates associated with a name | 1931-2013 |
| 700 1# - ADDED ENTRY--PERSONAL NAME | |
| 9 (RLIN) | 35222 |
| Personal name | Rathbun, Diana |
| 710 2# - ADDED ENTRY--CORPORATE NAME | |
| 9 (RLIN) | 35223 |
| Corporate name or jurisdiction name as entry element | Plan B (Firm) |
| 710 2# - ADDED ENTRY--CORPORATE NAME | |
| 9 (RLIN) | 35224 |
| Corporate name or jurisdiction name as entry element | Radiant Productions |
| 710 2# - ADDED ENTRY--CORPORATE NAME | |
| 9 (RLIN) | 35225 |
| Corporate name or jurisdiction name as entry element | Warner Bros. Pictures (1923-1967) |
| 942 ## - ADDED ENTRY ELEMENTS (KOHA) | |
| Source of classification or shelving scheme | Dewey Decimal Classification |
| Item type | |
| Call number prefix | 791.4372 TRO |
| Withdrawn status | Lost status | Source of classification or shelving scheme | Damaged status | Not for loan | Koha collection | Home library | Current library | Shelving location | Date acquired | Source of acquisition | Total Checkouts | Full call number | Barcode | Date last seen | Koha item type |
|---|---|---|---|---|---|---|---|---|---|---|---|---|---|---|---|
| Dewey Decimal Classification | Baccah | Central Library | Central Library | Second Floor | 16/02/2014 | Purchase | 791.4372 TRO | 000035616 | 24/08/2022 | CD | DVD - Movie (NB) |